000 01040nam a2200289 i 4500
001 18239
003 ES-MaACL
005 20240623062954.0
007 t|
008 011015s2001 sp ||||1| spa d
020 _a84-8432-209-2
080 _a355.425.4(460)"1939/55"
080 _a94(460)"1939/55"
100 0 _aMoreno Gómez, Francisco,
_d1946-
_983380
245 1 3 _aLa resistencia armada contra Franco :
_btragedia del maquis y la guerrilla : el centro-sur de España : de Madrid al Guadalquivir /
_cFrancisco Moreno Gómez ; prólogo de Paul Preston.
260 _aBarcelona :
_bCrítica,
_c[2001]
300 _aXXI, 816, [64] p. de lám. ;
_c23 cm.
490 1 _aCrítica contrastes
500 _aÍndices.
504 _aBibliografía: p. [737]-743.
650 4 _aGuerrillas-
_zEspaña-
_y1939-1975.
_9143365
651 4 _aEspaña-
_xHistoria-
_y1939-1955.
_98329
700 0 _aPreston, Paul,
_d1946-
_993797
830 1 _aCrítica contrastes
_9180307
852 4 _aES-MaACL
_jL-24956
999 _c18239
_d18239